000 00407nam a22001697a 4500
005 20160611100440.0
008 160611b xxu||||| |||| 00| 0 eng d
020 _a978-0-70-018775-7
041 _aeng
082 _b6782
100 _aMurphy, Herta A Others
_91680
245 _aEffective Business Communication
260 _aNew Delhi
_bTMH
300 _a559
650 _aManagement
_9241
942 _cBK
999 _c2369
_d2368